Introduction to the theory of numbers
Saved in:
| Main Author: | |
|---|---|
| Format: | Book |
| Language: | English |
| Published: |
New York :
Wiley,
c1983
|
| Series: | Pure and applied mathematics (John Wiley & Sons: Unnumbered)
|
| Subjects: | |
| Tags: |
Add Tag
No Tags, Be the first to tag this record!
|
MARC
| LEADER | 00000nam a2200000 i 4500 | ||
|---|---|---|---|
| 001 | 1/35548 | ||
| 008 | 941103s1983 eng d | ||
| 020 | |a 0471867373 | ||
| 035 | |l 10039997 | ||
| 040 | |a GR-MY-UA |b gre |e aacr | ||
| 041 | 0 | |a eng | |
| 082 | 0 | |a 512.7 | |
| 100 | 1 | |a Shapiro, Harold N. | |
| 245 | 1 | 0 | |a Introduction to the theory of numbers / |c Harold N. Shapiro |
| 260 | |a New York : |b Wiley, |c c1983 | ||
| 300 | |a xii, 459 p.; |c 24 cm | ||
| 490 | 1 | |a Pure and applied mathematics (John Wiley & Sons: Unnumbered) | |
| 500 | |a "A Wiley-Interscience publication." | ||
| 504 | |a Includes bibliographical references and index | ||
| 650 | 0 | 0 | |a Number theory. |
| 830 | 0 | |a Pure and applied mathematics (John Wiley & Sons: Unnumbered) | |
| 852 | |a INST |b CHIOS |e 19960322 |h 512.7 SMA |p 005200000576 |q 005200000576 |t BK |y 0 | ||
| 852 | |a INST |b SAMOS |e 19941103 |h 512.7 SHA |p 005300001536 |q 005300001536 |t BK |y 0 | ||
| 909 | |a Σ |b 010060 | ||
| 909 | |a Χ |b 003900 | ||